Spanish Speaking Cities Map Quiz - Statistics

General Stats
  • This quiz has been taken 653 times
  • The average score is 28 of 38
Answers on the Map
Answers color-coded by a green-red scale on the quiz's map according to % correct below.
 
Answer Stats
Answer % Correct
Barcelona
95%
Madrid
95%
Asuncion
88%
Buenos Aires
88%
Bogotá
87%
Guatemala City
87%
Panama City
87%
Valencia
87%
Caracas
86%
Lima
86%
Havana
85%
Quito
84%
Santiago
84%
Santo Domingo
84%
Bilbao
83%
Mexico City
83%
San Jose
83%
Zaragoza
82%
La Paz
81%
San Juan
80%
Tijuana
80%
Palma
79%
Seville
79%
Guadalajara
73%
Monterrey
73%
Cali
70%
Córdoba
69%
Malabo
69%
Oaxaca
64%
Granada
61%
Mérida
58%
Santa Cruz de la Sierra
51%
Bata
50%
San Pedro Sula
50%
Camaguey
42%
San Miguel de Tucumán
40%
Culiacán
36%
Concepción
32%
No matching quizzes found
Score Distribution
Percent of People with Each Score
Percentile by Number Answered
Your Score History
You have not taken this quiz